| 000 | 00812nam a2200265 i 4500 | ||
|---|---|---|---|
| 003 | DO-SdBNP | ||
| 005 | 20240306122310.0 | ||
| 007 | ta | ||
| 008 | 110414s2011 dr a 000 0 spa d | ||
| 040 |
_aDO-SdBNP _bspa _cBPMSU _erda |
||
| 082 |
_a929.92097293 _bG633D 2013 _222 |
||
| 100 | 1 | _aGómez, Wilson | |
| 245 | 1 | 0 |
_aDuarte y los símbolos patrios / _cWilson Gómez. |
| 260 | _c2010. | ||
| 264 | 1 |
_aSanto Domingo : _bInstituto Duartianoj, _c2013 |
|
| 300 |
_a20 páginas _c14 cm. |
||
| 336 |
_2rdacontent _atexto _btxt |
||
| 337 |
_2rdamedia _asin mediación _bn |
||
| 338 |
_2rdacarrier _avolumen _bnc |
||
| 590 | _aInventariado, 2024/VM | ||
| 600 | 1 | 4 |
_aDuarte, Juan Pablo _d1813-1876 |
| 650 | 4 |
_aEmblemas nacionales _zRepública Dominicana |
|
| 910 | _aVMateo V. Control de calidad. BPMSU | ||
| 942 |
_2ddc _cBK |
||
| 999 |
_c7195 _d7195 |
||